Gerona arqueológica y monumental / (Registro nro. 121390)

Detalles MARC
000 -LEADER
campo de control de longitud fija 00676nam a2200205 4500
001 - NÚMERO DE CONTROL
campo de control 121390
003 - IDENTIFICADOR DE NÚMERO DE CONTROL
campo de control ES-MaACL
005 - FECHA Y HORA DE LA ÚLTIMA TRANSACCIÓN
campo de control 20230906191739.0
007 - CAMPO FIJO DE DESCRIPCIÓN FÍSICA--INFORMACIÓN GENERAL
campo de control de longitud fija t|
008 - DATOS DE LONGITUD FIJA--INFORMACIÓN GENERAL
campo de control de longitud fija 070214s1951 sp r ||||1| spa d
100 1# - ENTRADA PRINCIPAL--NOMBRE DE PERSONA
Nombre de persona Pla Cargol, Joaquín.
9 (RLIN) 92486
245 10 - MENCIÓN DEL TÍTULO
Título Gerona arqueológica y monumental /
Mención de responsabilidad, etc. Joaquín Pla Cargol.
250 ## - MENCION DE EDICION
Mención de edición 4ª ed. considerablemente ampliada.
260 ## - PUBLICACIÓN, DISTRIBUCIÓN, ETC.
Lugar de publicación, distribución, etc. Gerona [etc.] :
Nombre del editor, distribuidor, etc. Dalmáu Carles,
Fecha de publicación, distribución, etc. 1951.
300 ## - DESCRIPCIÓN FÍSICA
Extensión 368 p. ;
Dimensiones 25 cm.
490 1# - MENCIÓN DE SERIE
Mención de serie Biblioteca gerundense de estudios e investigaciones
830 0# - PUNTO DE ACCESO ADICIONAL DE SERIE-TÍTULO UNIFORME
Título uniforme Biblioteca gerundense de estudios e investigaciones
9 (RLIN) 186505
852 ## - LOCALIZACIÓN
Ubicación ES-MaACL
Número de control de estantería D-7234
Sublocalización o colección R.32400
Existencias
Estatus retirado Estado de pérdida Estado de daño No para préstamo Biblioteca de origen Biblioteca actual Ubicación en estantería Fecha de adquisición Fuente de adquisición Total de préstamos Signatura topográfica completa Código de barras Visto por última vez Precio de reemplazo Tipo de ítem Koha
        Biblioteca del Ateneo de Madrid Biblioteca del Ateneo de Madrid Sala Valle Inclán 17/01/2008     D-7234 901126509 23/02/2023 23/02/2023 Libro impreso